| 000 | 00587nam a22001817a 4500 | ||
|---|---|---|---|
| 005 | 20240130104211.0 | ||
| 008 | 240130b |||||||| |||| 00| 0 eng d | ||
| 020 | _a9780702184567 | ||
| 041 | _aEnglish | ||
| 082 | _a346.7 CAN | ||
| 100 |
_aForsyth, CF and Pretorius, JT _lEnglish |
||
| 245 |
_aCaney's: The Law of Suretyship / _cCF Forsyth and JT Pretorius |
||
| 250 | _aSixth Edition | ||
| 260 |
_aCape Town : _bJuta and Company (Pty) Ltd, _c2010 |
||
| 300 |
_bxxviii, 238 pages ; _c26 cm. |
||
| 650 |
_aLegal practice _bLaw |
||
| 942 |
_cBK _6ALISON_BN_VRIES |
||
| 999 |
_c1302 _d1302 |
||